[Event "Edmonton-ch"]
[Site "Edmonton CAN"]
[Date "2012.01.05"]
[Round "1.1"]
[White "Hughey, Micah"]
[Black "Razzaq, Ali"]
[Result "1-0"]
[WhiteElo "2049"]
[BlackElo "1833"]
[PlyCount "35"]
[GameId "2160767909572972"]
[EventDate "2012.01.05"]
[EventType "k.o."]
[EventRounds "4"]
[EventCountry "CAN"]
[SourceTitle "EXT 2019"]
[Source "ChessBase"]
[SourceDate "2018.10.10"]
[SourceVersion "1"]
[SourceVersionDate "2018.10.10"]
[SourceQuality "1"]

1. e4 c6 2. d4 d5 3. exd5 cxd5 4. c4 Nf6 5. Nc3 Nc6 6. Nf3 e6 7. c5 Be7 8. Bd3 O-O 9. O-O e5 10. dxe5 Ng4 11. Nxd5 Bxc5 12. Bxh7+ Kxh7 13. Qc2+ Kg8 14. Qxc5 Ngxe5 15. Nxe5 Nxe5 16. Ne7+ Kh7 17. Qxe5 Bg4 18. Qg5 1-0

[Event "Edmonton-ch"]
[Site "Edmonton CAN"]
[Date "2012.01.05"]
[Round "1.1"]
[White "Kassam, Jamil"]
[Black "Kalisvaart, Peter"]
[Result "1/2-1/2"]
[WhiteElo "1897"]
[BlackElo "2078"]
[PlyCount "74"]
[GameId "2160767909572973"]
[EventDate "2012.01.05"]
[EventType "k.o."]
[EventRounds "4"]
[EventCountry "CAN"]
[SourceTitle "EXT 2019"]
[Source "ChessBase"]
[SourceDate "2018.10.10"]
[SourceVersion "1"]
[SourceVersionDate "2018.10.10"]
[SourceQuality "1"]

1. e4 e5 2. Nf3 Nc6 3. Bc4 Nf6 4. d3 Bc5 5. Nc3 h6 6. Be3 Bxe3 7. fxe3 d6 8. Qd2 O-O 9. O-O Na5 10. Bb3 Nxb3 11. axb3 c6 12. Rae1 b5 13. Ne2 Re8 14. Ng3 d5 15. exd5 cxd5 16. e4 Bb7 17. exd5 Qxd5 18. Re2 a5 19. Rfe1 Qc5+ 20. d4 exd4 21. Qxd4 Qxd4+ 22. Nxd4 Rxe2 23. Rxe2 b4 24. Ngf5 a4 25. bxa4 Rxa4 26. c4 bxc3 27. bxc3 Ne4 28. h3 Nxc3 29. Re7 Bd5 30. Rc7 Ne4 31. Ne7+ Kh7 32. Nxd5 Rxd4 33. Ne3 Ng5 34. Nf5 Rf4 35. Nd6 h5 36. h4 Rxh4 37. Nxf7 Nxf7 1/2-1/2

[Event "Edmonton-ch"]
[Site "Edmonton CAN"]
[Date "2012.01.05"]
[Round "1.1"]
[White "Sequillion, Aaron"]
[Black "Pedersen, Rick"]
[Result "1-0"]
[WhiteElo "1998"]
[BlackElo "1920"]
[PlyCount "45"]
[GameId "2160767909572975"]
[EventDate "2012.01.05"]
[EventType "k.o."]
[EventRounds "4"]
[EventCountry "CAN"]
[SourceTitle "EXT 2019"]
[Source "ChessBase"]
[SourceDate "2018.10.10"]
[SourceVersion "1"]
[SourceVersionDate "2018.10.10"]
[SourceQuality "1"]

1. e4 g6 2. d4 Bg7 3. Nc3 d6 4. Be3 Nc6 5. Nf3 Bg4 6. Be2 e5 7. dxe5 Nxe5 8. Nxe5 Bxe2 9. Qxe2 Bxe5 10. Qb5+ Kf8 11. O-O Qc8 12. f4 Bg7 13. f5 Be5 14. Qc4 f6 15. Nb5 c5 16. Rad1 Qc6 17. Nxd6 Qc7 18. Qxc5 Qxc5 19. Bxc5 b6 20. Ba3 Ne7 21. Nc4 gxf5 22. Nxe5 fxe5 23. Rd7 1-0

[Event "Edmonton-ch"]
[Site "Edmonton CAN"]
[Date "2012.01.05"]
[Round "1.1"]
[White "Sponga, George"]
[Black "Pechenkin, Vladimir"]
[Result "0-1"]
[WhiteElo "1778"]
[BlackElo "2320"]
[PlyCount "60"]
[GameId "2160767909572976"]
[EventDate "2012.01.05"]
[EventType "k.o."]
[EventRounds "4"]
[EventCountry "CAN"]
[SourceTitle "EXT 2019"]
[Source "ChessBase"]
[SourceDate "2018.10.10"]
[SourceVersion "1"]
[SourceVersionDate "2018.10.10"]
[SourceQuality "1"]

1. d4 f5 2. Nf3 Nf6 3. c4 e6 4. Bg5 h6 5. Bh4 g5 6. Bg3 f4 7. Ne5 fxg3 8. hxg3 Rg8 9. Qd3 Nc6 10. a3 d5 11. Nxc6 bxc6 12. c5 a5 13. f3 Qe7 14. Kf2 e5 15. e3 e4 16. Qe2 exf3 17. gxf3 g4 18. Bg2 gxf3 19. Bxf3 Ng4+ 20. Bxg4 Bxg4 21. Qe1 h5 22. Nd2 Bh6 23. Nf1 Kd7 24. Qd2 Rgf8+ 25. Kg1 Rf3 26. Re1 a4 27. Rh2 Raf8 28. Qd3 R8f6 29. Rhe2 Bh3 30. Rh2 Bxf1 0-1

[Event "Edmonton-ch"]
[Site "Edmonton CAN"]
[Date "2012.01.05"]
[Round "1.1"]
[White "Zeggelaar, Mike"]
[Black "Purewal, Sardul"]
[Result "0-1"]
[WhiteElo "1979"]
[BlackElo "1997"]
[PlyCount "108"]
[GameId "2160767909572977"]
[EventDate "2012.01.05"]
[EventType "k.o."]
[EventRounds "4"]
[EventCountry "CAN"]
[SourceTitle "EXT 2019"]
[Source "ChessBase"]
[SourceDate "2018.10.10"]
[SourceVersion "1"]
[SourceVersionDate "2018.10.10"]
[SourceQuality "1"]

1. e4 e5 2. Nf3 Nc6 3. Bc4 Bc5 4. b4 Bxb4 5. c3 Be7 6. d4 Na5 7. Nxe5 Nxc4 8. Nxc4 d5 9. exd5 Qxd5 10. Ne3 Qd8 11. O-O Nf6 12. Qc2 g6 13. c4 c6 14. d5 O-O 15. Rd1 cxd5 16. cxd5 Bd6 17. Ba3 Ng4 18. Nxg4 Bxg4 19. f3 Bf5 20. Qd2 Bxb1 21. Bxd6 Qxd6 22. Raxb1 Rab8 23. Qa5 Qa6 24. Qxa6 bxa6 25. Rxb8 Rxb8 26. Rd2 Kf8 27. Kf2 Ke7 28. g4 Kd6 29. Ke3 f6 30. h4 Re8+ 31. Kd4 Re5 32. Kc4 Re3 33. f4 Ra3 34. Kd4 Ra4+ 35. Ke3 f5 36. g5 Ra3+ 37. Rd3 Rxd3+ 38. Kxd3 Kxd5 39. h5 gxh5 40. Ke3 h4 41. Kf3 Kd4 42. a3 a5 43. a4 Kd3 44. Kg2 Ke4 45. Kh3 Kxf4 46. Kxh4 Ke3 47. Kh5 f4 48. Kh6 f3 49. Kxh7 f2 50. g6 f1=Q 51. g7 Qh3+ 52. Kg6 Qg4+ 53. Kf7 Qxa4 54. g8=Q Qc4+ 0-1

[Event "Edmonton-ch"]
[Site "Edmonton CAN"]
[Date "2012.01.12"]
[Round "1.1"]
[White "De Guzman, Jeff Anthony"]
[Black "Wang, Richard"]
[Result "0-1"]
[WhiteElo "1992"]
[BlackElo "2240"]
[PlyCount "54"]
[GameId "2160767909572978"]
[EventDate "2012.01.05"]
[EventType "k.o."]
[EventRounds "4"]
[EventCountry "CAN"]
[SourceTitle "EXT 2019"]
[Source "ChessBase"]
[SourceDate "2018.10.10"]
[SourceVersion "1"]
[SourceVersionDate "2018.10.10"]
[SourceQuality "1"]

1. d4 d5 2. c4 c6 3. Nf3 Nf6 4. Nc3 dxc4 5. a4 Bf5 6. Ne5 Na6 7. f3 Nd7 8. Nxc4 e5 9. dxe5 Qh4+ 10. g3 Qxc4 11. e4 Qe6 12. Bxa6 Bh3 13. Be2 Bc5 14. f4 Bg2 15. Bg4 Qe7 16. b4 Bxb4 17. Ba3 Bxa3 18. Rxa3 Bxh1 19. Rb3 Nc5 20. Rb4 Rd8 21. Rd4 O-O 22. Kf2 Nxe4+ 23. Nxe4 Bxe4 24. Rd6 Bd5 25. Rh6 gxh6 26. Bf5 Qc5+ 27. Ke1 Qg1+ 0-1

[Event "Edmonton-ch"]
[Site "Edmonton CAN"]
[Date "2012.01.12"]
[Round "1.2"]
[White "Kalisvaart, Peter"]
[Black "Kassam, Jamil"]
[Result "1-0"]
[WhiteElo "2078"]
[BlackElo "1897"]
[PlyCount "77"]
[GameId "2160767909572979"]
[EventDate "2012.01.05"]
[EventType "k.o."]
[EventRounds "4"]
[EventCountry "CAN"]
[SourceTitle "EXT 2019"]
[Source "ChessBase"]
[SourceDate "2018.10.10"]
[SourceVersion "1"]
[SourceVersionDate "2018.10.10"]
[SourceQuality "1"]

1. d4 Nf6 2. Nf3 g6 3. g3 Bg7 4. Bg2 d6 5. O-O O-O 6. b3 Nc6 7. Bb2 Bd7 8. c4 Qe8 9. Nc3 a5 10. a3 e5 11. dxe5 dxe5 12. Nd5 Nxd5 13. cxd5 Na7 14. e4 Nb5 15. Rc1 Rc8 16. a4 Nd6 17. Nd2 Qe7 18. Ba3 b5 19. axb5 Bxb5 20. Re1 Qd7 21. Bf1 Bxf1 22. Rxf1 Rfd8 23. Rc5 Nb7 24. Rc6 Nd6 25. Qc2 Nb5 26. Bb2 Ra8 27. Nc4 Qe7 28. Ra1 f6 29. Na3 Qb4 30. Rc4 Nxa3 31. Bxa3 Qb6 32. Rxc7 Bf8 33. Qc4 Bd6 34. Rc6 Qb8 35. Bxd6 Rxd6 36. b4 Rxc6 37. dxc6+ Kg7 38. c7 Qc8 39. Rxa5 1-0

[Event "Edmonton-ch"]
[Site "Edmonton CAN"]
[Date "2012.01.12"]
[Round "1.2"]
[White "Pechenkin, Vladimir"]
[Black "Sponga, George"]
[Result "1-0"]
[WhiteElo "2320"]
[BlackElo "1778"]
[PlyCount "56"]
[GameId "2160767909572981"]
[EventDate "2012.01.05"]
[EventType "k.o."]
[EventRounds "4"]
[EventCountry "CAN"]
[SourceTitle "EXT 2019"]
[Source "ChessBase"]
[SourceDate "2018.10.10"]
[SourceVersion "1"]
[SourceVersionDate "2018.10.10"]
[SourceQuality "1"]

1. c4 g6 2. Nc3 Bg7 3. g3 d6 4. Bg2 c6 5. d4 Nd7 6. Nf3 Qc7 7. O-O Ngf6 8. e4 e5 9. h3 O-O 10. Be3 Re8 11. Qc2 b6 12. Rfe1 Bb7 13. Rad1 d5 14. exd5 e4 15. Bf4 Qc8 16. dxc6 Bxc6 17. Ng5 h6 18. Ngxe4 Nxe4 19. Nxe4 Bxe4 20. Bxe4 g5 21. Bd6 Rxe4 22. Qxe4 Nf6 23. Qf3 a5 24. c5 Ra6 25. g4 Qd7 26. Re7 Qc8 27. Rc7 Qa8 28. Qf5 Ne8 1-0

[Event "Edmonton-ch"]
[Site "Edmonton CAN"]
[Date "2012.01.12"]
[Round "1.2"]
[White "Pedersen, Rick"]
[Black "Sequillion, Aaron"]
[Result "0-1"]
[WhiteElo "1920"]
[BlackElo "1998"]
[PlyCount "110"]
[GameId "2160767909572982"]
[EventDate "2012.01.05"]
[EventType "k.o."]
[EventRounds "4"]
[EventCountry "CAN"]
[SourceTitle "EXT 2019"]
[Source "ChessBase"]
[SourceDate "2018.10.10"]
[SourceVersion "1"]
[SourceVersionDate "2018.10.10"]
[SourceQuality "1"]

1. d3 d5 2. Nf3 Nf6 3. g3 Bg4 4. Bg2 Nbd7 5. h3 Bxf3 6. Bxf3 e5 7. O-O Bd6 8. c4 e4 9. Bg2 Qe7 10. cxd5 e3 11. Bxe3 Bxg3 12. Bg5 Bd6 13. Nc3 Qe5 14. f4 Qe3+ 15. Kh1 h6 16. Rf3 Qb6 17. Bxf6 gxf6 18. Qb3 Qxb3 19. axb3 Nc5 20. Nb5 Nxb3 21. Rxa7 Rxa7 22. Nxa7 Nd4 23. Re3+ Kd7 24. Re4 Bc5 25. e3 Ne2 26. Nb5 Ng3+ 27. Kh2 Nxe4 28. Bxe4 Bxe3 29. Kg3 Bb6 30. Bf5+ Ke7 31. Kf3 Ra8 32. Nc3 Ra5 33. Ke4 Bc5 34. Bc8 b6 35. Bb7 Ra1 36. d6+ Kxd6 37. d4 Bb4 38. Nd5 Bd2 39. Nxf6 Bxf4 40. Kxf4 c6 41. Ng4 Kc7 42. Bxc6 Kxc6 43. Nxh6 Kd5 44. Ke3 Re1+ 45. Kd3 Rh1 46. Nxf7 Rxh3+ 47. Kc2 Kxd4 48. Nd6 Rh5 49. b3 Rh2+ 50. Kb1 Kc3 51. Nb5+ Kxb3 52. Nd4+ Kc4 53. Nc2 Rxc2 54. Kxc2 b5 55. Kb2 Kb4 0-1

[Event "Edmonton-ch"]
[Site "Edmonton CAN"]
[Date "2012.01.12"]
[Round "1.2"]
[White "Purewal, Sardul"]
[Black "Zeggelaar, Mike"]
[Result "1/2-1/2"]
[WhiteElo "1997"]
[BlackElo "1979"]
[PlyCount "55"]
[GameId "2160767909572983"]
[EventDate "2012.01.05"]
[EventType "k.o."]
[EventRounds "4"]
[EventCountry "CAN"]
[SourceTitle "EXT 2019"]
[Source "ChessBase"]
[SourceDate "2018.10.10"]
[SourceVersion "1"]
[SourceVersionDate "2018.10.10"]
[SourceQuality "1"]

1. Nf3 Nf6 2. c4 g6 3. g3 Bg7 4. Bg2 O-O 5. Nc3 d6 6. d4 Nbd7 7. e4 c5 8. O-O Rb8 9. h3 b5 10. cxb5 a6 11. a4 Ne8 12. dxc5 Nxc5 13. Be3 Bxc3 14. bxc3 Nxe4 15. Qd4 Nc5 16. Qd1 Qc7 17. Nd4 axb5 18. Nxb5 Qa5 19. Bxc5 dxc5 20. Qd5 Nc7 21. Qxc5 Nxb5 22. axb5 Qxb5 23. Qxe7 Bf5 24. Qf6 Rbd8 25. Rad1 Rc8 26. Rd2 Bd3 27. Rfd1 Be2 28. Bf1 1/2-1/2

[Event "Edmonton-ch"]
[Site "Edmonton CAN"]
[Date "2012.01.12"]
[Round "1.2"]
[White "Razzaq, Ali"]
[Black "Hughey, Micah"]
[Result "0-1"]
[WhiteElo "1833"]
[BlackElo "2049"]
[PlyCount "60"]
[GameId "2160767909572984"]
[EventDate "2012.01.05"]
[EventType "k.o."]
[EventRounds "4"]
[EventCountry "CAN"]
[SourceTitle "EXT 2019"]
[Source "ChessBase"]
[SourceDate "2018.10.10"]
[SourceVersion "1"]
[SourceVersionDate "2018.10.10"]
[SourceQuality "1"]

1. c4 e6 2. g3 d5 3. Bg2 c5 4. Nf3 Nc6 5. O-O Nf6 6. d4 dxc4 7. Qc2 cxd4 8. Qxc4 Be7 9. Bf4 Qd5 10. Nbd2 O-O 11. Rac1 Rd8 12. Qa4 Bd7 13. Ng5 Qf5 14. Qb3 h6 15. Nge4 e5 16. Nxf6+ Bxf6 17. Qxb7 Rab8 18. Qa6 Nb4 19. Qxa7 exf4 20. a3 Nd5 21. Rc5 Be6 22. e4 dxe3 23. fxe3 Qd3 24. Nc4 Nxe3 25. Ne5 Bxe5 26. Rxe5 Nxf1 27. Bxf1 Qd4+ 28. Qxd4 Rxd4 29. b4 fxg3 30. Ra5 Rd1 0-1

[Event "Edmonton-ch"]
[Site "Edmonton CAN"]
[Date "2012.01.14"]
[Round "1.2"]
[White "Wang, Richard"]
[Black "De Guzman, Jeff Anthony"]
[Result "1-0"]
[WhiteElo "2240"]
[BlackElo "1992"]
[PlyCount "73"]
[GameId "2160767909572986"]
[EventDate "2012.01.05"]
[EventType "k.o."]
[EventRounds "4"]
[EventCountry "CAN"]
[SourceTitle "EXT 2019"]
[Source "ChessBase"]
[SourceDate "2018.10.10"]
[SourceVersion "1"]
[SourceVersionDate "2018.10.10"]
[SourceQuality "1"]

1. d4 Nf6 2. Nf3 d5 3. e3 c5 4. c4 cxd4 5. exd4 Nc6 6. h3 g6 7. Nc3 Bg7 8. c5 O-O 9. Bb5 Bf5 10. O-O Ne4 11. Qa4 Nxc3 12. bxc3 Be4 13. Nd2 e5 14. Nxe4 dxe4 15. dxe5 Nxe5 16. Be3 a6 17. Be2 f5 18. g3 g5 19. Bd4 Qe7 20. Rab1 Rad8 21. Qb3+ Kh8 22. Qxb7 Rd7 23. Qb6 Rf6 24. Qa5 Rf8 25. Rb6 f4 26. c6 f3 27. Bxa6 Rxd4 28. cxd4 Qe6 29. Re1 Qxh3 30. Bf1 Qg4 31. dxe5 h5 32. Qb4 Rf4 33. Rb8+ Kh7 34. Rxe4 Rxe4 35. Bd3 Bxe5 36. Qxe4+ Qxe4 37. Bxe4+ 1-0

[Event "Edmonton-ch"]
[Site "Edmonton CAN"]
[Date "2012.01.19"]
[Round "2.1"]
[White "Kalisvaart, Peter"]
[Black "Gardner, Robert"]
[Result "0-1"]
[WhiteElo "2078"]
[BlackElo "2195"]
[PlyCount "62"]
[GameId "2160767909572987"]
[EventDate "2012.01.05"]
[EventType "k.o."]
[EventRounds "4"]
[EventCountry "CAN"]
[SourceTitle "EXT 2019"]
[Source "ChessBase"]
[SourceDate "2018.10.10"]
[SourceVersion "1"]
[SourceVersionDate "2018.10.10"]
[SourceQuality "1"]

1. d4 Nf6 2. Nf3 e6 3. Bg5 Be7 4. e3 b6 5. Bd3 Bb7 6. Nbd2 c5 7. c3 h6 8. Bh4 g5 9. Bg3 g4 10. Ne5 h5 11. Rg1 d6 12. Nec4 Nc6 13. Bh4 d5 14. Ne5 Nxe5 15. dxe5 Nd7 16. Bg3 Bf8 17. Bb5 a6 18. Bxd7+ Qxd7 19. Qe2 a5 20. O-O-O Ba6 21. Qe1 Qa4 22. Kb1 Bd3+ 23. Ka1 c4 24. Rc1 Bc2 25. Qe2 Bb3 26. Nxb3 cxb3 27. a3 b5 28. Rgd1 b4 29. cxb4 axb4 30. Rd4 Qa5 31. Qd2 Qb6 0-1

[Event "Edmonton-ch"]
[Site "Edmonton CAN"]
[Date "2012.01.19"]
[Round "2.1"]
[White "Pechenkin, Vladimir"]
[Black "Sequillion, Aaron"]
[Result "1/2-1/2"]
[WhiteElo "2320"]
[BlackElo "1998"]
[PlyCount "50"]
[GameId "2160767909572988"]
[EventDate "2012.01.05"]
[EventType "k.o."]
[EventRounds "4"]
[EventCountry "CAN"]
[SourceTitle "EXT 2019"]
[Source "ChessBase"]
[SourceDate "2018.10.10"]
[SourceVersion "1"]
[SourceVersionDate "2018.10.10"]
[SourceQuality "1"]

1. c4 Nf6 2. g3 g6 3. Bg2 Bg7 4. Nc3 O-O 5. d4 d6 6. Nf3 Nbd7 7. O-O e5 8. e4 Re8 9. d5 Nc5 10. Ne1 a5 11. Nd3 Nfd7 12. Be3 b6 13. Nxc5 Nxc5 14. Qd2 f5 15. Rae1 Bd7 16. b3 Qf6 17. exf5 Bxf5 18. f3 Qf8 19. Nb5 Rac8 20. g4 Bd7 21. h3 Re7 22. Na7 Rce8 23. Rf2 Rf7 24. Ref1 Qe7 25. Kh1 Bf6 1/2-1/2

[Event "Edmonton-ch"]
[Site "Edmonton CAN"]
[Date "2012.01.19"]
[Round "2.1"]
[White "Purewal, Sardul"]
[Black "Porper, Edward"]
[Result "0-1"]
[WhiteElo "1997"]
[BlackElo "2441"]
[PlyCount "56"]
[GameId "2160767909572989"]
[EventDate "2012.01.05"]
[EventType "k.o."]
[EventRounds "4"]
[EventCountry "CAN"]
[SourceTitle "EXT 2019"]
[Source "ChessBase"]
[SourceDate "2018.10.10"]
[SourceVersion "1"]
[SourceVersionDate "2018.10.10"]
[SourceQuality "1"]

1. Nf3 d5 2. d4 c6 3. c4 Nf6 4. cxd5 cxd5 5. Nc3 Nc6 6. Bf4 e6 7. a3 a6 8. Ne5 Bd7 9. e3 Nxe5 10. Bxe5 Bc6 11. Bd3 Nd7 12. Bg3 Be7 13. O-O O-O 14. Rc1 Bf6 15. a4 Qe7 16. Qb3 Rac8 17. a5 Qd8 18. Qa3 Be7 19. b4 Nf6 20. Qb3 Qd7 21. b5 axb5 22. Bxb5 Ne4 23. Bxc6 Qxc6 24. Na2 Qa6 25. Qb6 Ba3 26. Rc7 Rxc7 27. Bxc7 Qe2 28. Qb3 Qxf1+ 0-1

[Event "Edmonton-ch"]
[Site "Edmonton CAN"]
[Date "2012.01.19"]
[Round "2.1"]
[White "Wang, Richard"]
[Black "Hughey, Micah"]
[Result "1-0"]
[WhiteElo "2240"]
[BlackElo "2049"]
[PlyCount "63"]
[GameId "2160767909572990"]
[EventDate "2012.01.05"]
[EventType "k.o."]
[EventRounds "4"]
[EventCountry "CAN"]
[SourceTitle "EXT 2019"]
[Source "ChessBase"]
[SourceDate "2018.10.10"]
[SourceVersion "1"]
[SourceVersionDate "2018.10.10"]
[SourceQuality "1"]

1. d4 d5 2. Nf3 Nf6 3. e3 e6 4. Bd3 c5 5. b3 Nc6 6. O-O Bd6 7. Bb2 O-O 8. Ne5 Qc7 9. f4 cxd4 10. exd4 Nb4 11. Nc3 Nxd3 12. Qxd3 Bd7 13. Rac1 Rac8 14. Ne2 b5 15. a3 a5 16. Ng3 g6 17. Qe3 Rfe8 18. h3 Bc6 19. f5 Nd7 20. fxg6 fxg6 21. Nh5 Bxe5 22. dxe5 d4 23. Qg5 Kh8 24. Rf7 Rf8 25. Rcf1 Rxf7 26. Rxf7 Qxe5 27. Nf6 Qe1+ 28. Kh2 Nf8 29. Bxd4 Bxg2 30. Ne4+ Kg8 31. Rg7+ Kh8 32. Rxg6+ 1-0

[Event "Edmonton-ch"]
[Site "Edmonton CAN"]
[Date "2012.01.26"]
[Round "2.2"]
[White "Gardner, Robert"]
[Black "Kalisvaart, Peter"]
[Result "1/2-1/2"]
[WhiteElo "2195"]
[BlackElo "2078"]
[PlyCount "68"]
[GameId "2160767909572991"]
[EventDate "2012.01.05"]
[EventType "k.o."]
[EventRounds "4"]
[EventCountry "CAN"]
[SourceTitle "EXT 2019"]
[Source "ChessBase"]
[SourceDate "2018.10.10"]
[SourceVersion "1"]
[SourceVersionDate "2018.10.10"]
[SourceQuality "1"]

1. d4 d5 2. c4 Bf5 3. cxd5 Bxb1 4. Rxb1 Qxd5 5. a3 Nc6 6. e3 e5 7. dxe5 Qxd1+ 8. Kxd1 O-O-O+ 9. Kc2 Nxe5 10. h3 f5 11. Nf3 Nxf3 12. gxf3 g6 13. Bc4 Nf6 14. Bd2 Bg7 15. Bc3 Rhe8 16. Rbd1 Nh5 17. Bb4 c6 18. Bf7 Rxd1 19. Rxd1 Rd8 20. Bd6 b6 21. e4 fxe4 22. fxe4 Nf6 23. f3 Ne8 24. e5 Nxd6 25. exd6 Kd7 26. Re1 Kxd6 27. Rd1+ Ke7 28. Rxd8 Kxd8 29. Bg8 Ke7 30. Bxh7 Kf7 31. f4 Kf6 32. Bg8 Bh6 33. Bc4 Bxf4 34. Be2 Be5 1/2-1/2

[Event "Edmonton-ch"]
[Site "Edmonton CAN"]
[Date "2012.01.26"]
[Round "2.2"]
[White "Hughey, Micah"]
[Black "Wang, Richard"]
[Result "0-1"]
[WhiteElo "2049"]
[BlackElo "2240"]
[PlyCount "72"]
[GameId "2160767909572992"]
[EventDate "2012.01.05"]
[EventType "k.o."]
[EventRounds "4"]
[EventCountry "CAN"]
[SourceTitle "EXT 2019"]
[Source "ChessBase"]
[SourceDate "2018.10.10"]
[SourceVersion "1"]
[SourceVersionDate "2018.10.10"]
[SourceQuality "1"]

1. e4 c5 2. c3 d5 3. exd5 Qxd5 4. d4 Nf6 5. Nf3 e6 6. Bd3 cxd4 7. cxd4 Nc6 8. Nc3 Qd6 9. O-O Be7 10. Nb5 Qd8 11. Ne5 a6 12. Nxc6 bxc6 13. Na3 Qxd4 14. Be3 Qd8 15. Qf3 Nd5 16. Rfd1 Bb7 17. Rac1 Qc7 18. Bd4 Qf4 19. Qxf4 Nxf4 20. Bf1 O-O 21. g3 Nd5 22. Bc5 Bxc5 23. Rxc5 Nb6 24. Bg2 Rfd8 25. Rdc1 Rd2 26. Bxc6 Bxc6 27. Rxc6 Rxb2 28. Nc4 Nxc4 29. R1xc4 g6 30. Ra4 Rd8 31. Rcxa6 Rd1+ 32. Kg2 Rdd2 33. Rf4 Rxa2 34. Rb6 e5 35. Rff6 Kg7 36. g4 e4 0-1

[Event "Edmonton-ch"]
[Site "Edmonton CAN"]
[Date "2012.01.26"]
[Round "2.2"]
[White "Porper, Edward"]
[Black "Purewal, Sardul"]
[Result "1/2-1/2"]
[WhiteElo "2441"]
[BlackElo "1997"]
[PlyCount "47"]
[GameId "2160767909572993"]
[EventDate "2012.01.05"]
[EventType "k.o."]
[EventRounds "4"]
[EventCountry "CAN"]
[SourceTitle "EXT 2019"]
[Source "ChessBase"]
[SourceDate "2018.10.10"]
[SourceVersion "1"]
[SourceVersionDate "2018.10.10"]
[SourceQuality "1"]

1. d4 Nf6 2. c4 g6 3. Nc3 d5 4. e3 Bg7 5. cxd5 Nxd5 6. Nxd5 Qxd5 7. Ne2 O-O 8. Nc3 Qd8 9. Be2 e5 10. d5 f5 11. e4 Nd7 12. h4 fxe4 13. Nxe4 Nf6 14. Bg5 Bf5 15. Bf3 Bxe4 16. Bxe4 Qd6 17. Bxf6 Qb4+ 18. Kf1 Qxe4 19. Bxg7 Kxg7 20. h5 Rad8 21. Rc1 Rf7 22. hxg6 hxg6 23. Qd2 Qf4 24. Qxf4 1/2-1/2

[Event "Edmonton-ch"]
[Site "Edmonton CAN"]
[Date "2012.02.02"]
[Round "3.1"]
[White "Gardner, Robert"]
[Black "Pechenkin, Vladimir"]
[Result "1/2-1/2"]
[WhiteElo "2195"]
[BlackElo "2320"]
[PlyCount "85"]
[GameId "2160767909572995"]
[EventDate "2012.01.05"]
[EventType "k.o."]
[EventRounds "4"]
[EventCountry "CAN"]
[SourceTitle "EXT 2019"]
[Source "ChessBase"]
[SourceDate "2018.10.10"]
[SourceVersion "1"]
[SourceVersionDate "2018.10.10"]
[SourceQuality "1"]

1. d4 f5 2. Nf3 Nf6 3. g3 e6 4. Bg2 d5 5. O-O Bd6 6. c4 c6 7. Nc3 O-O 8. Qc2 Qe7 9. Bg5 h6 10. Bf4 Bxf4 11. gxf4 Bd7 12. c5 Be8 13. b4 Na6 14. Rfb1 Nc7 15. a4 a6 16. Ra3 Kh8 17. Nd1 Rg8 18. Ne5 Nh5 19. e3 g5 20. fxg5 hxg5 21. f3 Bg6 22. Bf1 Bh7 23. Bd3 Rg7 24. Ra2 Rag8 25. Nc3 g4 26. fxg4 Nf6 27. h3 Nd7 28. Nxd7 Qxd7 29. Qf2 fxg4 30. Bxh7 gxh3+ 31. Kh1 Rxh7 32. Rg1 Rxg1+ 33. Qxg1 Qg7 34. Qxg7+ Kxg7 35. Rf2 Rh5 36. Kh2 e5 37. Ne2 Ne6 38. Ng3 Rg5 39. Nf5+ Kg6 40. Nh4+ Kg7 41. Nf5+ Kg6 42. Ne7+ Kg7 43. Nf5+ 1/2-1/2

[Event "Edmonton-ch"]
[Site "Edmonton CAN"]
[Date "2012.02.02"]
[Round "3.1"]
[White "Porper, Edward"]
[Black "Wang, Richard"]
[Result "1/2-1/2"]
[WhiteElo "2441"]
[BlackElo "2240"]
[PlyCount "38"]
[GameId "2160767909572996"]
[EventDate "2012.01.05"]
[EventType "k.o."]
[EventRounds "4"]
[EventCountry "CAN"]
[SourceTitle "EXT 2019"]
[Source "ChessBase"]
[SourceDate "2018.10.10"]
[SourceVersion "1"]
[SourceVersionDate "2018.10.10"]
[SourceQuality "1"]

1. d4 d5 2. c4 c6 3. Nc3 dxc4 4. e3 b5 5. a4 b4 6. Ne4 Qd5 7. Ng3 Nf6 8. Be2 Ba6 9. e4 Qa5 10. Nf3 e6 11. O-O Nbd7 12. Bf4 c3 13. bxc3 Bxe2 14. Qxe2 bxc3 15. Rfd1 Be7 16. Ne5 Nxe5 17. dxe5 Nd7 18. Nh5 O-O-O 19. Qc4 Nc5 1/2-1/2

[Event "Edmonton-ch"]
[Site "Edmonton CAN"]
[Date "2012.02.09"]
[Round "3.2"]
[White "Pechenkin, Vladimir"]
[Black "Gardner, Robert"]
[Result "1/2-1/2"]
[WhiteElo "2320"]
[BlackElo "2195"]
[PlyCount "135"]
[GameId "2160767909572997"]
[EventDate "2012.01.05"]
[EventType "k.o."]
[EventRounds "4"]
[EventCountry "CAN"]
[SourceTitle "EXT 2019"]
[Source "ChessBase"]
[SourceDate "2018.10.10"]
[SourceVersion "1"]
[SourceVersionDate "2018.10.10"]
[SourceQuality "1"]

1. c4 e6 2. g3 d5 3. Bg2 dxc4 4. Na3 c5 5. Nxc4 Nf6 6. b3 Be7 7. Bb2 O-O 8. Nf3 Nc6 9. O-O Rb8 10. d4 b5 11. Nce5 Nxe5 12. Nxe5 Bb7 13. Bxb7 Rxb7 14. Nc6 Qc7 15. Nxe7+ Qxe7 16. dxc5 Qxc5 17. Rc1 Qe7 18. Qc2 Rd8 19. Qc6 Rd5 20. Rfd1 Rbd7 21. Rxd5 Rxd5 22. Qa8+ Rd8 23. Rc8 Rxc8 24. Qxc8+ Qe8 25. Qxe8+ Nxe8 26. e4 f6 27. Kg2 Nc7 28. Bd4 a6 29. f4 Kf7 30. Bb6 Ne8 31. Bc5 Nc7 32. Kf3 Ke8 33. Ke3 Kd7 34. g4 g6 35. Bb6 Ne8 36. Kd4 Kc6 37. Bd8 Kd7 38. Ba5 Nd6 39. Bb4 Kc6 40. g5 fxg5 41. fxg5 Nf7 42. h4 e5+ 43. Kc3 Nd8 44. Be7 Ne6 45. Bf6 Nc5 46. Bxe5 Nxe4+ 47. Kd4 Nd2 48. Bg3 Nf3+ 49. Ke4 Nd2+ 50. Ke5 Nf3+ 51. Kf6 Kd5 52. Kg7 Ke6 53. Kxh7 Kf5 54. Bf2 Ne5 55. Kg7 Nd3 56. Bg3 Kg4 57. Bd6 Kh5 58. b4 Nc1 59. a3 Nd3 60. Kf6 Nb2 61. Bf4 Nc4 62. Bc1 a5 63. bxa5 Nxa5 64. Ke6 Kxh4 65. Kd5 Nc4 66. Kc5 Nxa3 67. Bxa3 Kxg5 68. Kxb5 1/2-1/2